[Event "POL-chT3 Wielkopolskie 1415"]
[Site "Poland"]
[Date "2014.12.07"]
[Round "2.8"]
[White "Pilzak, Marcin"]
[Black "Bajerlein, Dawid"]
[Result "1/2-1/2"]
[WhiteElo "1974"]
[BlackElo "2061"]
[PlyCount "77"]
[EventDate "2014.11.30"]
[EventType "team-tourn"]
[EventRounds "11"]
[EventCountry "POL"]
[SourceTitle "EXT 2019"]
[Source "ChessBase"]
[SourceDate "2018.10.10"]
[SourceVersion "1"]
[SourceVersionDate "2018.10.10"]
[SourceQuality "1"]

1. e4 c6 2. d4 d5 3. Nc3 dxe4 4. Nxe4 Bf5 5. Ng3 Bg6 6. Nf3 Nd7 7. h4 h6 8. h5 Bh7 9. Bd3 Bxd3 10. Qxd3 Ngf6 11. Bf4 e6 12. 0-0-0 Nd5 13. Bd2 Nb4 14. Bxb4 Bxb4 15. Ne4 Qa5 16. Kb1 0-0-0 17. Nfd2 Be7 18. Nc4 Qc7 19. Rh3 Nf6 20. Ne5 Nxe4 21. Qxe4 Bf6 22. f4 Rd6 23. Rhd3 Rhd8 24. a3 Kb8 25. b4 a5 26. c3 Rd5 27. Kc2 a4 28. c4 R5d6 29. c5 Rd5 30. g4 Bxe5 31. fxe5 Qe7 32. Rf1 R5d7 33. Kc3 Qg5 34. Qf4 Qh4 35. Rd2 Qh3+ 36. Qf3 Qh4 37. Qf4 Qh3+ 38. Qf3 Qh4 39. Qf4 1/2-1/2

[Event "POL-chT U19 2nd League"]
[Site "Szczyrk"]
[Date "2014.07.27"]
[Round "4.26"]
[White "Pilzak, Marcin"]
[Black "Jarzebowski, Kacper"]
[Result "1-0"]
[WhiteElo "1974"]
[BlackElo "1548"]
[PlyCount "63"]
[EventDate "2014.07.25"]
[EventType "team-swiss"]
[EventRounds "11"]
[EventCountry "POL"]
[SourceTitle "EXT 2015"]
[Source "ChessBase"]
[SourceDate "2014.11.20"]
[SourceVersion "1"]
[SourceVersionDate "2014.11.20"]
[SourceQuality "1"]
[WhiteTeam "Leszno Wieniawa U19"]
[BlackTeam "Warszawa UKS Czternastka U19"]
[WhiteTeamCountry "POL"]
[BlackTeamCountry "POL"]

1. e4 c5 2. Nf3 a6 3. c4 Nc6 4. Nc3 d6 5. d4 cxd4 6. Nxd4 g6 7. Be3 Bg7 8. Qd2 Nf6 9. f3 Bd7 10. Be2 0-0 11. 0-0 Rc8 12. Rac1 Kh8 13. Rfd1 Qc7 14. Nd5 Qd8 15. b4 Nxd4 16. Bxd4 Nxd5 17. exd5 Bxd4+ 18. Qxd4+ f6 19. f4 a5 20. a3 b6 21. Rc3 Qc7 22. Re3 Rfe8 23. Bd3 axb4 24. axb4 Kg7 25. Rde1 Kf7 26. f5 Bxf5 27. Bxf5 gxf5 28. Qh4 Kg8 29. Rh3 e6 30. Rg3+ Kf8 31. Qh6+ Ke7 32. Rxe6+ 1-0